000 00791nam a2200229Ia 4500
003 OSt
005 20220918110745.0
006 a|||||r|||| 00| 0
007 ta
008 220915b |||||||| |||| 00| 0 hin d
024 _a204013
037 _cReference Collections
040 _aARTS
_cARTS
_bhin
041 _2hin
_ahin
082 _aO152,3M80k, M1.1-.2(RR)
100 _aगोयनका, कमल किशेार
_99402
245 0 _aप्रेमचन्द विश्वकोश
246 _aPremachanda vishvakosha
260 _aदिल्ली
_bप्रभात प्रका0
_c1981
942 _hO152,3M80k, M1.1-.2(RR)
_cREF
999 _c114530
_d114530